1261 1189 1110 1450 1366 1393 1984 1919 1427 1030 1344 1936 1828 1081 1773 1313 1899 1588 1927 1443 1239 1102 1367 1714 1140 1736 1047 1676 1931 1180 1231 1738 1997 1140 1364 1217 1419 1827 1340 1580 1284 1966 1986 1206 1398 1620 1881 1761 1684 1801 1483 1652 1337 1688 1018 1157 1582 1634 1764 1484 1227 1792 1461 1985 1453 1192 1803 1839 1321 1817 1794 1642 1096 1944 1117 1022 1531 1451 1367 1135 1221 1758 1171 1164 1123 1833 1955 1293 1751 1912 1663 1212 1749 1185 1099 1937 1648 1345 1291 BCNSPRNW ULIB Ver.6.0+V

เปลี่ยนเป็นภาษาไทย

Change to English
 แสดงรายละเอียดบรรณานุกรม
  กลับหน้าหลัก

Brief Record : Get Marc (ISO 2709) : E-mail record : QR code < ปิดหน้าต่าง
LEADER : 00000nam 2200000uu 4500
001    13399112787
003     ULIB
008    110908s2550||||th 000 0 tha d
020    9789740319641
050 04 LB1779^bผ113ค 2550
100 0  ผกา สัตยธรรม
245 10 คุณธรรมของครู/^cผกา สัตยธรรม
250    พิมพ์ครั้งที่ 2
260    กรุงเทพฯ :^bโรงพิมพ์แห่งจุฬาลงกรณ์มหาวิทยาลัย,^c2550
300    423 หน้า
504    บรรณานุกรม: หน้า [405]-418
650  7 ครู^xจรรยาบรรณ
650  7 ครู^xแง่ศีลธรรมจรรยา
945    ^p280^l0^i027193
945    ^p280^l0^i027194
995    ทศพร
999 ^a ทศพร
รายการนี้ยังไม่มีแท็ก
คุณยังไม่ได้ล็อกอิน คุณสามารถมีกิจกรรมร่วมกับเว็บไซต์ได้ แต่ต้องล็อกอินก่อน ::
  ล็อกอิน

รายการสื่อสารสนเทศ

ลำดับที่ ประเภท เลขเรียก/บาร์โค้ด สถานที่ สถานะ
- ไม่พบข้อมูล -

รายการใกล้เคียง
    ผู้แต่ง [ผกา สัตยธรรม]

    หัวเรื่อง [ครู จรรยาบรรณ]

BibComment


ยังไม่เคยถูกคอมเมนท์

คอมเมนท์ทรัพยากรรายการนี้
  คอมเมนท์: คุณธรรมของครู ผกา..


 Copyright 2026. Bcnsprnw @Library